Тот, кто ловит мотыльков: роман

Dettagli Bibliografici
Autore principale: Михалкова Е. И. Елена Ивановна
Riassunto:Богатая женщина уходит ненадолго из своего дома в подмосковном поселке - и исчезает бесследно. Другая, живущая в глухой деревне, идет в лес - и не возвращается. О первой говорят, что она сбежала от нелюбимого мужа. О второй - что она заблудилась. Частным детективам предстоит выяснить, правда ли это. Что скрывают дома пропавших? Почему следы обеих обрываются так странно? О новом расследовании Макара Илюшина и Сергея Бабкина читайте в детективе Елены Михалковой "Тот, кто ловит мотыльков".
Lingua:russo
Pubblicazione: Москва, АСТ, 2021
Serie:Новый настоящий детектив Елены Михалковой
Soggetti:
Natura: MixedMaterials Libro
KOHA link:https://koha.lib.tpu.ru/cgi-bin/koha/opac-detail.pl?biblionumber=676193

MARC

LEADER 00000nam0a2200000 4500
001 676193
005 20241125132358.0
010 |a 978-5-17-132913-6 
090 |a 676193 
100 |a 20241101d2021 m||y0rusy50 ca 
101 0 |a rus 
102 |a RU 
105 |a y z 000ay 
181 0 |a i   |b  e  
182 0 |a n 
183 0 |a nc  |2 RDAcarrier 
200 1 |a Тот, кто ловит мотыльков  |e роман  |f Елена Михалкова 
203 |a Текст  |b визуальный  |c непосредственный 
210 |a Москва  |c АСТ  |d 2021 
215 |a 480 с. 
225 1 |a Новый настоящий детектив Елены Михалковой 
283 |a volume  |2 RDAcarrier 
330 |a Богатая женщина уходит ненадолго из своего дома в подмосковном поселке - и исчезает бесследно. Другая, живущая в глухой деревне, идет в лес - и не возвращается. О первой говорят, что она сбежала от нелюбимого мужа. О второй - что она заблудилась. Частным детективам предстоит выяснить, правда ли это. Что скрывают дома пропавших? Почему следы обеих обрываются так странно? О новом расследовании Макара Илюшина и Сергея Бабкина читайте в детективе Елены Михалковой "Тот, кто ловит мотыльков". 
606 1 |a Русская литература современная  |9 50316 
610 1 |a художественная литература 
610 1 |a романы 
610 1 |a детективы 
610 1 |a современные романы 
675 |a Р2  |v 4 
700 1 |a Михалкова  |b Е. И.  |g Елена Ивановна 
801 0 |a RU  |b 63413507  |c 20241101 
942 |c BK